Cardinal objectives in elementary education, (Record no. 20998)

MARC details
000 -LEADER
fixed length control field 01142cam a22002771 4500
001 - CONTROL NUMBER
control field e 29000352
003 - CONTROL NUMBER IDENTIFIER
control field DLC
005 - DATE AND TIME OF LATEST TRANSACTION
control field 20260227111219.0
008 - FIXED-LENGTH DATA ELEMENTS--GENERAL INFORMATION
fixed length control field 790510s1929 nyua s000 0 eng c
010 ## - LIBRARY OF CONGRESS CONTROL NUMBER
LC control number e 29000352
035 ## - SYSTEM CONTROL NUMBER
System control number (OCoLC)4949731
040 ## - CATALOGING SOURCE
Original cataloging agency U. S. Off. of educ. Library
Transcribing agency NAlU
Modifying agency DLC
042 ## - AUTHENTICATION CODE
Authentication code premarc
050 00 - LIBRARY OF CONGRESS CALL NUMBER
Classification number LB1555
Item number .N4 1929
082 ## - DEWEY DECIMAL CLASSIFICATION NUMBER
Classification number 372
110 1# - MAIN ENTRY--CORPORATE NAME
Corporate name or jurisdiction name as entry element New York (State).
Subordinate unit Council of Superintendents.
-- Committee on Elementary Education.
245 10 - TITLE STATEMENT
Title Cardinal objectives in elementary education,
Remainder of title with a series of reports by classroom teachers illustrating ways and means of attaining these objectives.
Statement of responsibility, etc. A second report prepared by the Committee on elementary education of the New York council of superintendents, October 1, 1929.
260 ## - PUBLICATION, DISTRIBUTION, ETC.
Place of publication, distribution, etc. Albany,
Name of publisher, distributor, etc. The University of the state of New York,
Date of publication, distribution, etc. 1929.
300 ## - PHYSICAL DESCRIPTION
Extent 188 p.
Other physical details illus.
Dimensions 23 cm.
500 ## - GENERAL NOTE
General note Wilbur H. Lynch, chairman.
504 ## - BIBLIOGRAPHY, ETC. NOTE
Bibliography, etc. note Bibliography: p. 187-188; Bibliographies interspersed.
650 #0 - SUBJECT ADDED ENTRY--TOPICAL TERM
Topical term or geographic name entry element Education.
650 #0 - SUBJECT ADDED ENTRY--TOPICAL TERM
Topical term or geographic name entry element Teaching.
710 2# - ADDED ENTRY--CORPORATE NAME
Corporate name or jurisdiction name as entry element University of the State of New York.
700 1# - ADDED ENTRY--PERSONAL NAME
Personal name Lynch, Wilbur Henry,
Dates associated with a name 1872-

No items available.

Powered by Koha